| 000 | 01777cam a22004454i 4500 | ||
|---|---|---|---|
| 003 | PE-LiUPU | ||
| 005 | 20250731172826.0 | ||
| 008 | 150617s1938 xxk r 000 0 spa d | ||
| 035 | _a(Sirsi) a15105 | ||
| 040 |
_aPE-LiUPU _bspa _cPE-LiUPU _erda |
||
| 049 | _aPRUA | ||
| 082 | 0 | 4 |
_a270 _bH99 _221 |
| 100 | 1 |
_aHyma, Albert, _eautor. |
|
| 245 | 1 | 0 |
_aChristianity and politics: a history of the principles and struggles of church and state / _cAlbert Hyma. |
| 264 | 1 |
_aNew York : _bJ. B Lippincott Company, _c1938. |
|
| 300 |
_a331 páginas ; _c22 centímetros |
||
| 336 |
_atext _2rdacontent |
||
| 337 |
_aunmediated _2rdamedia |
||
| 338 |
_avolume _2rdacarrier |
||
| 505 | 0 | _aChurch and state in the middle ages. -Politics in the age of the renaissance. -The political theories of Martin Luther to 1530. -Protestantism and politics in the sixteenth century. -The rise of modern absolutism. -Autocracy versus representative government in the seventeenth century. -The secularization of politics. -Christianity and democracy in the united state. | |
| 526 | _aSEG42 | ||
| 526 | _aSEG41 | ||
| 526 | _aSEG40 | ||
| 526 | _aSEG39 | ||
| 526 | _aP94 | ||
| 526 | _aP87 | ||
| 526 | _aP86 | ||
| 526 | _aP85 | ||
| 526 | _aP77 | ||
| 526 | _aP76 | ||
| 526 | _aP35 | ||
| 650 | 0 | 4 | _aIglesia - Historia. |
| 910 |
_ajck _bjvq _cjck _d20150616 |
||
| 942 |
_2ddc _cBOOK |
||
| 949 |
_a270 H99 _wDEWEY _c1 _i06630 _lCCODEBUL1 _mBUL _p00.00 _r0 _sY _tBOOK _u2015-04-21 _xTEOLOGIA _PP35 _0COMPRA _o.STAFF. Colección General |
||
| 994 |
_aC0 _bPEPRU |
||
| 596 | _a1 | ||
| 999 |
_a270 H99 _wDEWEY _c5657 _i06630 _f2021-11-11 _g5 _lCCODEBUL1 _mBUL _p28.00 _r0 _sY _tBOOK _u2015-4-21 _xTEOLOGIA _PP35 _0COMPRA _o.STAFF. Colección Teología _d5657 |
||
| 980 |
_81 _gALBERTO SANCHEZ Responsable de Automatización |
||